| 000 | 00525nam a22001697a 4500 | ||
|---|---|---|---|
| 999 |
_c8511 _d8511 |
||
| 008 | 201201b ||||| |||| 00| 0 eng d | ||
| 040 | _aBMS College of Architecture | ||
| 100 | _aN. Amulya | ||
| 245 | _aSetu center for exploration and celebration | ||
| 300 | _a52p. | ||
| 500 | _a1BM13AT003 | ||
| 502 |
_8B,Arch _NBMS College of Architecture, Visvesvaraya Technology University (VTU) _aProject report _d2017 |
||
| 650 | _aNA | ||
| 700 |
_aDakshayaani R Patil _eGuide |
||
| 700 |
_aJoseph Alwin B _eGuide |
||
| 942 |
_2ddc _cTHE |
||